[Event "9. Forchheimer Sparkassen Open 2010"]
[Site "Forchheim"]
[Date "2010.10.01"]
[Round "1.32"]
[White "Hirneise, Jens"]
[Black "Hansen, Victor"]
[Result "1-0"]
[WhiteElo "2298"]
[BlackElo "2121"]
[PlyCount "91"]
[EventDate "2010.??.??"]
[WhiteTeam "SF Deizisau"]
[BlackTeam "SGEM Dreisamtal"]

1. e4 c6 2. d4 d5 3. exd5 cxd5 4. c4 Nf6 5. Nc3 e6 6. Nf3 Bb4 7. cxd5 Nxd5 8.
Bd2 Nc6 9. Bd3 Nf6 10. Bg5 Be7 11. O-O O-O 12. Re1 b6 13. a3 Bb7 14. Bc2 h6 15.
Bf4 Bd6 16. Be5 Ng4 17. Qd3 g6 18. Rad1 Ncxe5 19. dxe5 Bc5 20. Qc4 Bxf2+ 21.
Kh1 Qe7 22. Qxg4 Bxe1 23. Rxe1 Rfd8 24. Be4 Rac8 25. Qf4 g5 26. Qe3 Ba6 27. Bb1
Rc4 28. Ne4 Kg7 29. Bd3 Ra4 30. Bxa6 Rxa6 31. Nd6 Ra5 32. Nd4 Rxd6 33. exd6
Qxd6 34. Qc3 Kh7 35. Rf1 Qd7 36. Nf3 Rc5 37. Qe3 Qc7 38. Nd2 Kg7 39. Ne4 Qe5
40. Qf3 Rc7 41. Nf6 Qb5 42. a4 Qc6 43. Qd3 Qc2 44. Nh5+ Kg8 45. Qd8+ Kh7 46.
Nf6+ 1-0

[Event "9. Forchheimer Sparkassen Open 2010"]
[Site "Forchheim"]
[Date "2010.10.01"]
[Round "1.33"]
[White "Riedel, Lutz"]
[Black "Sobolevsky, Leonid"]
[Result "1/2-1/2"]
[WhiteElo "2139"]
[BlackElo "2252"]
[PlyCount "101"]
[EventDate "2010.??.??"]
[WhiteTeam "SK Krumbach"]
[BlackTeam "Schachzirkel Elstertal Langenber"]

1. d4 Nf6 2. c4 e6 3. Nc3 Bb4 4. Qc2 O-O 5. Bg5 d6 6. Nf3 Nbd7 7. e4 Bxc3+ 8.
bxc3 e5 9. Be2 Qe7 10. O-O h6 11. Bxf6 Nxf6 12. Nd2 c5 13. Qd3 Re8 14. Rab1 b6
15. d5 Nh7 16. Bd1 Rf8 17. Bc2 f5 18. f4 exf4 19. Rxf4 g5 20. Rff1 f4 21. Rbe1
Qg7 22. Ba4 g4 23. e5 dxe5 24. Qe4 Bf5 25. Qxe5 Qxe5 26. Rxe5 Bd3 27. Rfe1 a6
28. Bd7 Nf6 29. Bf5 Bxf5 30. Rxf5 Nd7 31. Rxf8+ Rxf8 32. Re6 Rf6 33. Rc6 h5 34.
Ne4 Rf7 35. Re6 b5 36. cxb5 axb5 37. Nd6 Rf6 38. Re8+ Rf8 39. Rxf8+ Kxf8 40.
Nxb5 Nb6 41. Kf2 Ke7 42. h3 Nxd5 43. hxg4 hxg4 44. a4 Kd7 45. a5 Kc6 46. c4 Ne3
47. Na3 Nf5 48. Nb5 Kb7 49. Nc3 Ka6 50. Ne4 Kxa5 51. Nxc5 1/2-1/2

[Event "9. Forchheimer Sparkassen Open 2010"]
[Site "Forchheim"]
[Date "2010.10.01"]
[Round "1.34"]
[White "Pogan, Nikolas"]
[Black "Baskin, Robert"]
[Result "1-0"]
[WhiteElo "2150"]
[BlackElo "1870"]
[PlyCount "101"]
[EventDate "2010.??.??"]
[WhiteTeam "SAbt TSV Willsbach"]
[BlackTeam "SAbt TuS Makkabi Ffm"]

1. d4 e6 2. g3 d5 3. Bg2 Nf6 4. Nf3 Be7 5. O-O O-O 6. c4 a6 7. b3 c5 8. cxd5
exd5 9. Nc3 Nc6 10. dxc5 Bxc5 11. Na4 Ba7 12. Ba3 Re8 13. Rc1 Ne4 14. Bb2 Qe7
15. Qxd5 Nxf2 16. Rxf2 Bxf2+ 17. Kxf2 Qxe2+ 18. Kg1 Qe3+ 19. Kh1 Bg4 20. Ng5
Ne5 21. h4 h6 22. Ne4 Bf3 23. Rf1 Rad8 24. Qxb7 Rd7 25. Qb4 Nc6 26. Qc3 Bxg2+
27. Kxg2 Qxe4+ 28. Kh3 Qe6+ 29. Kg2 Nd4 30. Nc5 Qd5+ 31. Kh3 Rdd8 32. b4 Re2
33. Rf4 Qg2+ 34. Kg4 h5+ 35. Kxh5 Ne6 36. Nxe6 Qd5+ 37. Ng5 f6 38. Rxf6 gxf6
39. Qxf6 Rxb2 40. Qxb2 Qd1+ 41. g4 Rd4 42. Qg2 Rd5 43. Qe4 Rd7 44. Qg6+ Kf8 45.
Nh7+ Rxh7+ 46. Qxh7 Qd4 47. g5 Qd1+ 48. Kh6 Qd4 49. h5 Qe5 50. a3 Qd4 51. Qf5+
1-0

[Event "9. Forchheimer Sparkassen Open 2010"]
[Site "Forchheim"]
[Date "2010.10.01"]
[Round "1.35"]
[White "Nabavi, Parwis"]
[Black "Xiong, Ferdinand"]
[Result "1-0"]
[WhiteElo "2203"]
[BlackElo "1912"]
[PlyCount "61"]
[EventDate "2010.??.??"]
[WhiteTeam "SGEM Dreisamtal"]
[BlackTeam "Schach-Club Vaterstetten"]

1. d4 Nf6 2. c4 g6 3. Nc3 Bg7 4. e4 d6 5. Nf3 O-O 6. Be2 e5 7. O-O Nc6 8. d5
Ne7 9. Nd2 Ne8 10. Rb1 f5 11. b4 Nf6 12. f3 Bh6 13. Nb3 Bxc1 14. Rxc1 f4 15. g4
h5 16. g5 Ne8 17. h4 Qd7 18. Rf2 b6 19. c5 a6 20. Bf1 a5 21. c6 Qd8 22. bxa5
bxa5 23. a4 Ba6 24. Nxa5 Bxf1 25. Nb7 Qb8 26. Qxf1 Nc8 27. Kg2 Ng7 28. Ra2 Nb6
29. a5 Nd7 30. Rb1 Ra7 31. Rab2 1-0

[Event "9. Forchheimer Sparkassen Open 2010"]
[Site "Forchheim"]
[Date "2010.10.02"]
[Round "2.1"]
[White "Heimrath, Reiner"]
[Black "Seyb, Alexander"]
[Result "0-1"]
[WhiteElo "2231"]
[BlackElo "2294"]
[PlyCount "144"]
[EventDate "2010.??.??"]
[WhiteTeam "SC Noris-Tarrasch Nürnberg 1873"]
[BlackTeam "SC Forchheim e.V."]

1. e4 c5 2. Nf3 d6 3. c3 Nf6 4. Be2 Bd7 5. d3 Nc6 6. O-O g6 7. Re1 Bg7 8. Na3
O-O 9. Bf1 Rc8 10. h3 a6 11. Bg5 h6 12. Bd2 b5 13. Nc2 Qb6 14. Ne3 Qb7 15. Nh2
c4 16. Nd5 cxd3 17. Nxf6+ exf6 18. Bxd3 Ne5 19. Bc2 Bc6 20. Ng4 Nxg4 21. Qxg4
Rfe8 22. f3 d5 23. exd5 Bxd5 24. Qg3 f5 25. Qf2 Rxe1+ 26. Qxe1 b4 27. Bd3 a5
28. Qe2 bxc3 29. Bxc3 Bxc3 30. bxc3 Qb6+ 31. Kh1 Rxc3 32. Qe8+ Kg7 33. Rb1 Qd6
34. Bf1 Bc6 35. Qe1 Qc5 36. Rb8 Rc1 37. Qe2 Bd7 38. f4 Be6 39. Kh2 Rc2 40. Qd1
Qf2 41. Qa1+ f6 42. Rb7+ Bf7 43. Qd1 Qxf4+ 44. Kh1 Rc7 45. Rxc7 Qxc7 46. a3 h5
47. Bb5 Qb7 48. a4 Qc7 49. Qd2 Be6 50. Kg1 Bc8 51. h4 Bb7 52. Kh1 Be4 53. Qe1
Qc2 54. Qf1 f4 55. Kg1 Qd2 56. Be2 Qe3+ 57. Kh1 Qh3+ 58. Kg1 Qxh4 59. Bf3 Bxf3
60. gxf3 Qg3+ 61. Kh1 h4 62. Qe2 Kh6 63. Qe8 Qxf3+ 64. Kh2 Qf2+ 65. Kh1 Qc5 66.
Qh8+ Kg5 67. Qa8 Qc1+ 68. Kh2 Qd2+ 69. Kh3 Qc3+ 70. Kh2 Kg4 71. Qa6 Qc2+ 72.
Kh1 Kh3 0-1

[Event "9. Forchheimer Sparkassen Open 2010"]
[Site "Forchheim"]
[Date "2010.10.02"]
[Round "2.3"]
[White "Mons, Leon"]
[Black "Schöne, Ralf"]
[Result "1-0"]
[WhiteElo "2178"]
[BlackElo "2319"]
[PlyCount "107"]
[EventDate "2010.??.??"]
[WhiteTeam "SC Forchheim e.V."]
[BlackTeam "TSG Neuruppin"]

1. d4 Nf6 2. Nf3 d6 3. c4 g6 4. Nc3 Bg7 5. e4 O-O 6. Be2 e5 7. Be3 Nc6 8. d5
Ne7 9. Nd2 c5 10. a3 Ne8 11. b4 b6 12. Rb1 f5 13. f3 Kh8 14. a4 Ng8 15. a5 Bh6
16. Bxh6 Nxh6 17. O-O f4 18. Qa4 Bd7 19. Qa3 Nc7 20. Nb5 Nf7 21. bxc5 bxc5 22.
Nxd6 Nxd6 23. Qxc5 Rf6 24. Qb4 a6 25. c5 Ndb5 26. Nc4 Qe8 27. Bd3 g5 28. Qb3
Nd4 29. Qb7 Qc8 30. Nxe5 Bb5 31. Qxc8+ Rxc8 32. Rfd1 Bxd3 33. Rxd3 Ncb5 34. c6
h5 35. d6 Rxc6 36. Nxc6 Nxc6 37. Rc1 Nbd4 38. Rxd4 Nxd4 39. d7 Ne6 40. Rc6 Rf7
41. Rxe6 Rxd7 42. Rxa6 Rd1+ 43. Kf2 Rd2+ 44. Kf1 Rd1+ 45. Ke2 Ra1 46. h3 Kg7
47. Ra8 Ra2+ 48. Kf1 Ra1+ 49. Kf2 Ra2+ 50. Kg1 Ra1+ 51. Kh2 Ra2 52. a6 g4 53.
hxg4 hxg4 54. fxg4 1-0

[Event "9. Forchheimer Sparkassen Open 2010"]
[Site "Forchheim"]
[Date "2010.10.02"]
[Round "2.5"]
[White "Walter, Thomas"]
[Black "Nabavi, Parwis"]
[Result "1-0"]
[WhiteElo "2109"]
[BlackElo "2203"]
[PlyCount "76"]
[EventDate "2010.??.??"]
[WhiteTeam "SC Erlangen 48/88"]
[BlackTeam "SGEM Dreisamtal"]

1. e4 e5 2. Nf3 Nc6 3. d4 exd4 4. Nxd4 Nf6 5. Nxc6 bxc6 6. e5 Qe7 7. Qe2 Nd5 8.
h4 a5 9. c4 Ba6 10. Rh3 Qb4+ 11. Nc3 a4 12. a3 Nxc3 13. Rxc3 Qb6 14. Qg4 c5 15.
Bd3 h5 16. Qf3 Bb7 17. Be4 Bxe4 18. Qxe4 Rb8 19. Rf3 Be7 20. Rb1 Qe6 21. Bd2
O-O 22. Bc3 Rb6 23. Kf1 Rfb8 24. Re1 Rd8 25. Rf5 g6 26. Rf3 Rf8 27. Rg3 Kh7 28.
Qf4 Rh8 29. Rd1 Rd8 30. Rgd3 Bf8 31. Rf3 Kg8 32. Qg5 Qxc4+ 33. Kg1 Rbb8 34. e6
Qxe6 35. Rg3 Kh7 36. Re1 Bh6 37. Qxc5 Qd6 38. Qc4 Kg8 1-0

[Event "9. Forchheimer Sparkassen Open 2010"]
[Site "Forchheim"]
[Date "2010.10.02"]
[Round "2.6"]
[White "Kutzner, Joachim"]
[Black "Holzhäuer, Mathias"]
[Result "0-1"]
[WhiteElo "2154"]
[BlackElo "2284"]
[PlyCount "42"]
[EventDate "2010.??.??"]
[WhiteTeam "Schachclub Erkrath 1973"]
[BlackTeam "SK Schmiden/Cannstatt"]

1. e4 d5 2. exd5 Nf6 3. d4 Bg4 4. Be2 Bxe2 5. Nxe2 Qxd5 6. O-O Nc6 7. Nbc3 Qh5
8. Ng3 Qg6 9. Nb5 O-O-O 10. c4 a6 11. a4 Nxd4 12. Nxd4 e5 13. Qe2 exd4 14. Bd2
h5 15. b4 h4 16. Nh1 h3 17. Ng3 Ng4 18. c5 hxg2 19. Rfc1 d3 20. Qf3 Nxh2 21.
Qxg2 Qg4 0-1

[Event "9. Forchheimer Sparkassen Open 2010"]
[Site "Forchheim"]
[Date "2010.10.02"]
[Round "2.7"]
[White "Schramm, Christian"]
[Black "Wagner, Dennis"]
[Result "1-0"]
[WhiteElo "2322"]
[BlackElo "2166"]
[PlyCount "89"]
[EventDate "2010.??.??"]
[WhiteTeam "SC 1959 Obernau"]
[BlackTeam "Kasseler SK 1876"]

1. Nc3 d5 2. e4 dxe4 3. Nxe4 Bf5 4. Ng3 Bg6 5. h4 h6 6. Nf3 Nf6 7. Ne5 Bh7 8.
Bc4 e6 9. Qe2 Qd6 10. d4 Be7 11. Bf4 Qb6 12. O-O-O O-O 13. Rh3 Nc6 14. c3 Rad8
15. Nxf7 Rxf7 16. Qxe6 Rdf8 17. Nf5 Bxf5 18. Qxf5 Kh8 19. Qg6 Nd8 20. Bd3 Qe6
21. Bg5 Qg4 22. Re1 Bd6 23. Rf3 Qh5 24. Rxf6 Qxg6 25. Rxg6 hxg5 26. hxg5 Rxf2
27. Rh1+ Kg8 28. Bc4+ Nf7 29. Rxd6 cxd6 30. g6 Rf6 31. gxf7+ R8xf7 32. Kd2 b5
33. Bd5 g6 34. Ke3 Kf8 35. Bxf7 Rxf7 36. Rh8+ Kg7 37. Rd8 Re7+ 38. Kd3 Kf6 39.
Rxd6+ Kf7 40. Rd5 Rb7 41. g4 Ke6 42. Re5+ Kf6 43. g5+ Kf7 44. d5 b4 45. c4 1-0

[Event "9. Forchheimer Sparkassen Open 2010"]
[Site "Forchheim"]
[Date "2010.10.02"]
[Round "2.8"]
[White "Martin Fernandez, Rodrigo"]
[Black "Prusikin, Michael"]
[Result "0-1"]
[WhiteElo "2169"]
[BlackElo "2522"]
[PlyCount "68"]
[EventDate "2010.??.??"]
[WhiteTeam "SC Erlangen 48/88"]
[BlackTeam "SC Forchheim e.V."]

1. d4 g6 2. Nf3 Bg7 3. c4 d6 4. Nc3 c5 5. d5 Bxc3+ 6. bxc3 f5 7. g3 Nf6 8. Bg2
Qa5 9. Qb3 Nbd7 10. O-O Nb6 11. Ng5 Rb8 12. Ne6 Qa4 13. Nc7+ Kf7 14. Bg5 Qxc4
15. Bxf6 Kxf6 16. Qa3 Na4 17. Rac1 b5 18. Rfe1 Bd7 19. e4 Qd3 20. Bf1 b4 21.
Qb3 c4 22. Bxd3 cxb3 23. Na6 b2 24. Rb1 bxc3 25. Nxb8 Rxb8 26. Bc2 Nb6 27. Re3
Rc8 28. f3 Ba4 29. Re2 Bxc2 30. Rxc2 fxe4 31. fxe4 Ke5 32. Kf2 Rc4 33. Ke3
Rxe4+ 34. Kd3 Nxd5 0-1

[Event "9. Forchheimer Sparkassen Open 2010"]
[Site "Forchheim"]
[Date "2010.10.02"]
[Round "2.9"]
[White "Donchenko, Alexander"]
[Black "Weidel, Albrecht"]
[Result "1-0"]
[WhiteElo "2204"]
[BlackElo "2225"]
[PlyCount "109"]
[EventDate "2010.??.??"]
[WhiteTeam "SK 1858 Gießen"]
[BlackTeam "SAbt TG Biberach"]

1. d4 Nf6 2. c4 e6 3. Nf3 Bb4+ 4. Bd2 Qe7 5. g3 Nc6 6. a3 Bxd2+ 7. Qxd2 O-O 8.
Nc3 d6 9. Bg2 e5 10. dxe5 Nxe5 11. Nxe5 dxe5 12. Qe3 c6 13. h3 Rd8 14. O-O h6
15. b3 Re8 16. Na4 Bf5 17. Rfd1 Qc7 18. Rd2 b6 19. Rad1 Rac8 20. Nc3 Qe7 21.
Ra1 Qc7 22. Kh2 Qe7 23. Kg1 Qc7 24. Na2 Be6 25. Rc1 e4 26. Nc3 Bf5 27. Rcd1 Qe5
28. Qd4 Qa5 29. Ra2 e3 30. b4 exf2+ 31. Kxf2 Qe5 32. Qxe5 Rxe5 33. Rad2 Rc7 34.
Rd6 Ne4+ 35. Bxe4 Bxe4 36. Rd8+ Kh7 37. R8d7 Rxd7 38. Rxd7 Bf5 39. Rxa7 Bxh3
40. Rxf7 Be6 41. Rb7 c5 42. b5 Rf5+ 43. Ke1 Bxc4 44. Rxb6 Rg5 45. Kf2 Rf5+ 46.
Kg2 Re5 47. e4 Bd3 48. Kf3 Rh5 49. Rd6 Bc4 50. Kg2 Re5 51. a4 Kg8 52. a5 Bxb5
53. Nxb5 Rxe4 54. a6 Ra4 55. a7 1-0

[Event "9. Forchheimer Sparkassen Open 2010"]
[Site "Forchheim"]
[Date "2010.10.02"]
[Round "2.11"]
[White "Schroeder, Jan-Christian"]
[Black "Promyshlyanskiy, Vitaliy"]
[Result "1/2-1/2"]
[WhiteElo "2108"]
[BlackElo "2237"]
[PlyCount "72"]
[EventDate "2010.??.??"]
[WhiteTeam "SV 1920 Hofheim"]
[BlackTeam "SC Noris-Tarrasch Nürnberg 1873"]

1. e4 e5 2. Nf3 Nf6 3. d4 Nxe4 4. Bd3 d5 5. Nxe5 Nd7 6. Nxd7 Bxd7 7. O-O Be7 8.
Nd2 Nf6 9. Re1 O-O 10. Nf1 Bg4 11. f3 Be6 12. Ng3 Qd7 13. Bf4 b6 14. c3 c5 15.
Be5 h6 16. f4 Ne4 17. Nxe4 dxe4 18. Bxe4 Rad8 19. f5 Bc4 20. f6 gxf6 21. Bf4 f5
22. Bc2 Bg5 23. Bxg5 hxg5 24. Qh5 f6 25. Qg6+ Qg7 26. Qxf5 cxd4 27. cxd4 Rxd4
28. Re3 Rf4 29. Qh3 f5 30. Rae1 Qd4 31. Kh1 Rh4 32. Qf3 Bd5 33. Bb3 Bxb3 34.
axb3 Rf4 35. Qc6 Qxe3 36. Qg6+ Kh8 1/2-1/2

[Event "9. Forchheimer Sparkassen Open 2010"]
[Site "Forchheim"]
[Date "2010.10.02"]
[Round "2.12"]
[White "Sobolevsky, Leonid"]
[Black "Walter, Florian"]
[Result "0-1"]
[WhiteElo "2252"]
[BlackElo "2019"]
[PlyCount "86"]
[EventDate "2010.??.??"]
[WhiteTeam "Schachzirkel Elstertal Langenber"]
[BlackTeam "SV Lauf a.d.P."]

1. e4 g6 2. h4 h5 3. d4 Bg7 4. Nc3 d6 5. Be3 Nf6 6. f3 Nbd7 7. Bc4 a6 8. Nh3 c6
9. Bb3 b5 10. Ng5 O-O 11. Ne2 Nb6 12. Nf4 Nc4 13. Qe2 e5 14. dxe5 Nxe5 15. Rd1
Nh7 16. Nfh3 Nxg5 17. Bxg5 Qa5+ 18. c3 Bxh3 19. gxh3 d5 20. exd5 Rae8 21. O-O
cxd5 22. Bxd5 Nc4 23. Qc2 Qb6+ 24. Kh1 Ne3 25. Bxe3 Rxe3 26. Rde1 Rxe1 27. Rxe1
Qf6 28. Qe4 Kh7 29. Qe7 Qf5 30. Qg5 Qxh3+ 31. Kg1 Bh6 32. Qg2 Qxh4 33. Re4 Qd8
34. c4 bxc4 35. Bxc4 Qd1+ 36. Qf1 Qc2 37. b4 Rd8 38. Bb3 Qc7 39. Qe1 Rd2 40. f4
Bxf4 41. Bxf7 Be3+ 42. Qxe3 Qh2+ 43. Kf1 Qh1+ 0-1

[Event "9. Forchheimer Sparkassen Open 2010"]
[Site "Forchheim"]
[Date "2010.10.02"]
[Round "2.13"]
[White "Grafe, Wilhelm"]
[Black "Meyer, Stefan"]
[Result "1-0"]
[WhiteElo "2202"]
[BlackElo "2168"]
[PlyCount "95"]
[EventDate "2010.??.??"]
[WhiteTeam "SC Forchheim e.V."]
[BlackTeam "SAbt TuS Dotzheim"]

1. Nf3 e6 2. d4 f5 3. g3 Nf6 4. Bg2 Be7 5. O-O O-O 6. c4 Ne4 7. Nfd2 d5 8. Qb3
Nc6 9. cxd5 exd5 10. e3 Na5 11. Qa4 c5 12. dxc5 Nxc5 13. Qc2 Nc6 14. Nb3 Ne4
15. Bd2 Be6 16. Bc3 Rc8 17. Rd1 Bf6 18. Qe2 Qe7 19. Bxf6 Qxf6 20. Nc3 Nxc3 21.
bxc3 Rfd8 22. Nc5 b6 23. Nxe6 Qxe6 24. Qb5 Ne7 25. Rd3 Rc5 26. Qa4 Ra5 27. Qb3
Rc8 28. Rad1 Rcc5 29. h4 Kf7 30. Rd4 Rab5 31. Rb4 Ra5 32. a4 Qc8 33. Rd3 Kf6
34. Rbd4 b5 35. axb5 Raxb5 36. Rb4 Qb7 37. Qa3 Qb6 38. Rdd4 a5 39. Rxb5 Qxb5
40. Bf1 Qb6 41. c4 Qb4 42. Qa1 Nc6 43. Rxd5+ Ke6 44. Qxg7 Rxd5 45. Qg8+ Kf6 46.
cxd5 Ne7 47. Qe6+ Kg7 48. d6 1-0

[Event "9. Forchheimer Sparkassen Open 2010"]
[Site "Forchheim"]
[Date "2010.10.02"]
[Round "2.14"]
[White "Singer, Christoph"]
[Black "Jacobi, Robin"]
[Result "1-0"]
[WhiteElo "2369"]
[BlackElo "2066"]
[PlyCount "93"]
[EventDate "2010.??.??"]
[WhiteTeam "SC Tarrasch 45 München"]
[BlackTeam "SV Empor Erfurt"]

1. e4 c5 2. Nf3 Nc6 3. Bb5 e6 4. O-O Nge7 5. Re1 a6 6. Bf1 d5 7. exd5 Nxd5 8.
d4 Be7 9. dxc5 Bxc5 10. c4 Nf6 11. Qxd8+ Nxd8 12. a3 Be7 13. Nc3 Bd7 14. Ne5
Nc6 15. Nxd7 Nxd7 16. Bf4 O-O 17. Rad1 Nf6 18. b4 Rac8 19. Bd6 Bxd6 20. Rxd6
Rfd8 21. Red1 Rxd6 22. Rxd6 Rd8 23. Rxd8+ Nxd8 24. Be2 Kf8 25. f4 Ke7 26. c5
Nd5 27. Nxd5+ exd5 28. Kf2 Kd7 29. Ke3 Nc6 30. Bg4+ Kc7 31. Bf3 Ne7 32. Kd4 Kc6
33. Bg4 h6 34. a4 b6 35. cxb6 Kxb6 36. Bf3 Nc6+ 37. Kc3 Ne7 38. a5+ Kb7 39. Kd4
Kc6 40. Be2 Nf5+ 41. Ke5 Ne3 42. Bxa6 Nxg2 43. b5+ Kc7 44. b6+ Kc6 45. Bb5+ Kb7
46. Kd6 Nxf4 47. Bc6+ 1-0

[Event "9. Forchheimer Sparkassen Open 2010"]
[Site "Forchheim"]
[Date "2010.10.02"]
[Round "2.15"]
[White "Andraschko, Felix"]
[Black "Löw, Gerald"]
[Result "1/2-1/2"]
[WhiteElo "2068"]
[BlackElo "2263"]
[PlyCount "176"]
[EventDate "2010.??.??"]
[WhiteTeam "SC Leinfelden"]
[BlackTeam "TSV Bindlach Aktionär-Schachabte"]

1. d4 Nf6 2. c4 e6 3. g3 Bb4+ 4. Bd2 Qe7 5. Nf3 Nc6 6. Nc3 O-O 7. Bg2 Na5 8. b3
b6 9. O-O Bb7 10. Qc2 Rac8 11. a3 Bxa3 12. e4 Bb4 13. e5 Ne8 14. Ng5 f5 15.
exf6 Nxf6 16. Bxb7 Nxb7 17. Rxa7 Na5 18. Re1 Bxc3 19. Bxc3 Nc6 20. Raa1 h6 21.
Nh3 Qf7 22. Nf4 Rfe8 23. Ng6 d6 24. Re2 Rb8 25. Qd3 Ra8 26. Rae1 Ra3 27. Qc2
Raa8 28. Nf4 Nd8 29. Ng6 Nc6 30. Nf4 Nd8 31. Ng6 c5 32. b4 cxd4 33. Bxd4 Nc6
34. Bxb6 Nxb4 35. Qb1 Nc6 36. Qb5 Rac8 37. Nh4 g5 38. Ng2 Ne5 39. Rxe5 dxe5 40.
c5 Qd7 41. Qe2 Qd4 42. Qxe5 Qxe5 43. Rxe5 Nd7 44. Re4 Nxc5 45. Bxc5 Rxc5 46. h4
Kf7 47. hxg5 hxg5 48. Ne3 Ra8 49. Kg2 Ra2 50. Ng4 Ke7 51. Kh3 Rf5 52. f4 Ra3
53. Ne3 Rb5 54. Nc2 Ra6 55. Nd4 Rd5 56. Kg4 Kf6 57. Nf3 gxf4 58. gxf4 Rd8 59.
Ng5 Rd1 60. Re3 Rg1+ 61. Kf3 Rga1 62. Kg4 R1a3 63. Re2 Ra2 64. Re3 Rg2+ 65. Kf3
Rg1 66. Ne4+ Kf5 67. Ng3+ Kg6 68. Ne2 Rf1+ 69. Kg4 Re1 70. Kf3 Kf6 71. Kf2 Raa1
72. Re5 Rf1+ 73. Kg2 Rxf4 74. Rxe6+ Kxe6 75. Nxf4+ Kf5 76. Ne2 Kg4 77. Kf2 Ra3
78. Nd4 Rd3 79. Ne2 Rf3+ 80. Ke1 Rd3 81. Kf2 Kf5 82. Ng3+ Ke5 83. Ne2 Ra3 84.
Ng3 Kf4 85. Ne2+ Kg4 86. Nd4 Rh3 87. Ne2 Rd3 88. Nc1 Rc3 1/2-1/2

[Event "9. Forchheimer Sparkassen Open 2010"]
[Site "Forchheim"]
[Date "2010.10.02"]
[Round "2.16"]
[White "Schweizer, Manfred"]
[Black "Guthmann, Peter"]
[Result "0-1"]
[WhiteElo "2091"]
[BlackElo "2154"]
[PlyCount "58"]
[EventDate "2010.??.??"]
[WhiteTeam "Post-SV Memmingen e.V."]
[BlackTeam "FC Gunzenhausen 1910 e.V"]

1. Nf3 Nf6 2. g3 d5 3. Bg2 c6 4. d3 Bf5 5. Nbd2 e6 6. c4 h6 7. b3 Bd6 8. Bb2
Nbd7 9. O-O O-O 10. Re1 Bh7 11. e4 dxe4 12. Nxe4 Nxe4 13. dxe4 Qc7 14. Qd4 e5
15. Qc3 a5 16. a3 Nc5 17. Nd2 Rad8 18. Rad1 Be7 19. Bf1 Rd7 20. Nf3 Rxd1 21.
Rxd1 Bxe4 22. Nxe5 Bf6 23. f4 Qb6 24. b4 axb4 25. axb4 Na4+ 26. Qd4 Qxb4 27.
Qxe4 Qxb2 28. Bd3 g6 29. Nxg6 Qd4+ 0-1

[Event "9. Forchheimer Sparkassen Open 2010"]
[Site "Forchheim"]
[Date "2010.10.02"]
[Round "2.17"]
[White "Krockenberger, Martin"]
[Black "Kvetny, Mark"]
[Result "1/2-1/2"]
[WhiteElo "2187"]
[BlackElo "1984"]
[PlyCount "70"]
[EventDate "2010.??.??"]
[WhiteTeam "SK Schmiden/Cannstatt"]
[BlackTeam "SV Altbach e.V."]

1. c4 Nf6 2. Nc3 c5 3. Nf3 Nc6 4. e4 d6 5. d4 cxd4 6. Nxd4 e6 7. Be2 Be7 8. O-O
O-O 9. Be3 a6 10. Qd2 Bd7 11. f3 Rb8 12. Nc2 Qc7 13. Rac1 Rfd8 14. Rfd1 Ne5 15.
Nd4 b6 16. b3 Qb7 17. Qe1 Nc6 18. a4 Ne8 19. Qg3 Bf6 20. Nxc6 Bxc6 21. Bd4 Qe7
22. Qf2 Bxd4 23. Rxd4 Nc7 24. Rcd1 b5 25. axb5 axb5 26. cxb5 Nxb5 27. Bxb5 Bxb5
28. Qd2 Be8 29. b4 Rdc8 30. Rb1 Qc7 31. Rd3 Qb6+ 32. Qf2 Qc6 33. h3 d5 34. exd5
exd5 35. Qd2 Qb6+ 1/2-1/2

[Event "9. Forchheimer Sparkassen Open 2010"]
[Site "Forchheim"]
[Date "2010.10.02"]
[Round "2.18"]
[White "Turner, Radek"]
[Black "Klein, Gernot"]
[Result "1-0"]
[WhiteElo "2168"]
[BlackElo "1930"]
[PlyCount "127"]
[EventDate "2010.??.??"]
[WhiteTeam "Schachclub Hirschau"]
[BlackTeam "Post-Telekom SV 1925 Aachen e.V."]

1. c4 e6 2. g3 d5 3. Bg2 dxc4 4. Qa4+ Nd7 5. Nf3 a6 6. Qxc4 b5 7. Qc2 Bb7 8.
O-O Ngf6 9. d3 Be7 10. Nbd2 O-O 11. b3 c5 12. Bb2 Nd5 13. a3 Rc8 14. Rac1 h6
15. Qb1 Qb6 16. Qa1 Bf6 17. Bxf6 N5xf6 18. Rc2 Rfd8 19. Rfc1 Qd6 20. Qb2 Qb8
21. Nf1 Qa8 22. Ne3 Nd5 23. Nxd5 Bxd5 24. Ne1 Bxg2 25. Nxg2 a5 26. Ne3 a4 27.
b4 cxb4 28. Qxb4 Rxc2 29. Rxc2 Nf6 30. Rc5 Rc8 31. Qxb5 Rb8 32. Qc6 Qxc6 33.
Rxc6 Rb2 34. Rc8+ Kh7 35. Kf1 Rb3 36. Nc2 Nd5 37. Rc4 Nb6 38. Rb4 Kg6 39. Ke1
Kf6 40. Kd2 Rxb4 41. axb4 Ke5 42. e4 g5 43. f3 f5 44. d4+ Kd6 45. Kd3 h5 46.
exf5 exf5 47. Ne3 Ke6 48. f4 gxf4 49. gxf4 h4 50. h3 Nc8 51. d5+ Kf6 52. Nc4
Na7 53. Na3 Ke7 54. Kd4 Kd6 55. Nc4+ Ke7 56. Kc5 Kd8 57. b5 Nc8 58. d6 Kd7 59.
Kb4 Na7 60. Kxa4 Kc8 61. Kb4 Kd7 62. Kc5 Ke6 63. d7 Ke7 64. b6 1-0

[Event "9. Forchheimer Sparkassen Open 2010"]
[Site "Forchheim"]
[Date "2010.10.02"]
[Round "2.19"]
[White "Kempe, Frank"]
[Black "Grosshans, Ralf-Michael"]
[Result "1-0"]
[WhiteElo "2073"]
[BlackElo "2175"]
[PlyCount "35"]
[EventDate "2010.??.??"]
[WhiteTeam "Südlohner Schachverein 1956 e.V."]
[BlackTeam "SC Forchheim e.V."]

1. e4 Nf6 2. Nc3 d5 3. d3 e5 4. f4 dxe4 5. fxe5 Bg4 6. Qd2 Nfd7 7. Qf4 Qh4+ 8.
g3 Qh5 9. e6 Bxe6 10. Qxc7 Nc5 11. d4 Nc6 12. dxc5 Rc8 13. Qf4 Nd4 14. Bb5+
Nxb5 15. Nxb5 Qxc5 16. Nc3 f5 17. Be3 Qa5 18. Nge2 1-0

[Event "9. Forchheimer Sparkassen Open 2010"]
[Site "Forchheim"]
[Date "2010.10.02"]
[Round "2.20"]
[White "Miller, Eduard"]
[Black "Steppuhn, Thomas"]
[Result "0-1"]
[WhiteElo "2110"]
[BlackElo "2025"]
[PlyCount "108"]
[EventDate "2010.??.??"]
[WhiteTeam "SC Forchheim e.V."]
[BlackTeam "SC Bavaria Regensb.1881"]

1. e4 e6 2. d4 b6 3. Nf3 Bb7 4. Bd3 c5 5. c3 Nf6 6. Qe2 c4 7. Bc2 d5 8. e5 Nfd7
9. Bg5 Be7 10. Bxe7 Qxe7 11. O-O Nc6 12. Ne1 f5 13. exf6 gxf6 14. f4 O-O-O 15.
Nf3 e5 16. fxe5 fxe5 17. Nxe5 Ndxe5 18. dxe5 Qxe5 19. Qg4+ Kb8 20. Na3 d4 21.
Rae1 Rhg8 22. Qf4 Qxf4 23. Rxf4 d3 24. Bd1 Rde8 25. Rxe8+ Rxe8 26. Nxc4 Ba6 27.
Nd2 Re1+ 28. Rf1 Rxf1+ 29. Kxf1 Ne5 30. Kf2 Kc7 31. Ke3 Bb7 32. Bf3 Bxf3 33.
gxf3 Kd6 34. b3 Kd5 35. a4 h6 36. Nc4 Nxc4+ 37. bxc4+ Kxc4 38. Kd2 h5 39. f4 h4
40. f5 Kd5 41. Kxd3 Ke5 42. f6 Kxf6 43. Ke4 Ke6 44. Kf4 Kd5 45. Kg4 a5 46. Kxh4
b5 47. axb5 a4 48. c4+ Kc5 49. Kg5 a3 50. h4 a2 51. h5 a1=Q 52. h6 Qh8 53. Kg6
Qg8+ 54. Kf6 Qh7 0-1

[Event "9. Forchheimer Sparkassen Open 2010"]
[Site "Forchheim"]
[Date "2010.10.02"]
[Round "2.21"]
[White "Hansen, Victor"]
[Black "Duzy, Stefan"]
[Result "1-0"]
[WhiteElo "2121"]
[BlackElo "1949"]
[PlyCount "39"]
[EventDate "2010.??.??"]
[WhiteTeam "SGEM Dreisamtal"]
[BlackTeam "Erfurter Schachklub"]

1. d4 Nf6 2. c4 c5 3. d5 e6 4. Nc3 exd5 5. cxd5 d6 6. g3 g6 7. Bg2 Bg7 8. Nf3
O-O 9. O-O Na6 10. Nd2 Nc7 11. a4 b6 12. Nc4 Ba6 13. Qb3 Rb8 14. Nb5 Bxb5 15.
axb5 Nfxd5 16. Rd1 Nb4 17. Nxd6 Qe7 18. Rxa7 Rfd8 19. Bg5 Bf6 20. Bxf6 1-0

[Event "9. Forchheimer Sparkassen Open 2010"]
[Site "Forchheim"]
[Date "2010.10.02"]
[Round "2.22"]
[White "Pfadenhauer, Johannes"]
[Black "Bachstein, Dustin"]
[Result "1-0"]
[WhiteElo "1764"]
[BlackElo "2103"]
[PlyCount "127"]
[EventDate "2010.??.??"]
[WhiteTeam "Kronacher SK 1882 e.V."]
[BlackTeam "SC Erlangen 48/88"]

1. d4 Nf6 2. Bg5 e6 3. e4 Be7 4. Nc3 d5 5. e5 Ne4 6. Nxe4 dxe4 7. Bxe7 Qxe7 8.
c3 c5 9. dxc5 Qxc5 10. Qa4+ Nc6 11. Qxe4 Qxe5 12. Qxe5 Nxe5 13. g3 Bd7 14. Bg2
Nd3+ 15. Ke2 Bb5 16. Ke3 O-O-O 17. b3 Nxf2 18. a4 Rd1 19. Kxf2 Rxa1 20. axb5
Rd8 21. Ne2 Ra2 22. Ke3 Rdd2 23. Bf3 Rdc2 24. Rd1 f5 25. g4 g5 26. Kd3 f4 27.
Nd4 Rf2 28. Kc4 Rad2 29. Rxd2 Rxd2 30. Nxe6 Rf2 31. Nd4 Rxh2 32. Kd5 Kd7 33.
Ke5 b6 34. b4 Rh4 35. c4 h5 36. Kf5 hxg4 37. Bxg4 f3 38. Nxf3 Rh1 39. Kxg5+ Kd6
40. Nd2 Rc1 41. Kf4 Kc7 42. Ke4 Kb7 43. Kd4 a6 44. bxa6+ Kxa6 45. b5+ Kb7 46.
Ne4 Kc7 47. Be6 Rd1+ 48. Ke5 Re1 49. Bd5 Rc1 50. Nf6 Rc2 51. Ne8+ Kd8 52. Ng7
Ke7 53. Be6 Re2+ 54. Kd5 Rg2 55. Nf5+ Kf6 56. Bd7 Rd2+ 57. Kc6 Ke5 58. Ne3 Rd6+
59. Kc7 Rg6 60. Nd5 Kd4 61. Nxb6 Kc5 62. Bc6 Rg7+ 63. Nd7+ Kxc4 64. b6 1-0